书目信息 |
| 题名: |
网球双打超实战技术
|
|
| 作者: | 杉山贵子 著 ;李鸿江 , 孙守正 , 刘占捷 译 | |
| 分册: | ||
| 出版信息: | 北京 人民体育出版社 2006 |
|
| 页数: | 136页 | |
| 开本: | 21cm | |
| 丛书名: | ||
| 单 册: | ||
| 中图分类: | G845.19 | |
| 科图分类: | ||
| 主题词: | 网球运动--双打项目--运动技术 , 双打项目 , 运动技术 , 网球运动 | |
| 电子资源: | ||
| ISBN: | 7-5009-2939-0 | |
| 000 | 00981nam0 2200289 450 | |
| 001 | 003174640 | |
| 005 | 20070807083526.18 | |
| 010 | @a7-5009-2939-0@dCNY10.00 | |
| 100 | @a20060612d2006 em y0chiy0110 ea | |
| 101 | 1 | @achi@cjpn |
| 102 | @aCN@b110000 | |
| 105 | @aa z 000yy | |
| 200 | 1 | @a网球双打超实战技术@9wang qiu shuang da chao shi zhan ji shu@f(日)杉山贵子著@g李鸿江,孙守正,刘占捷译 |
| 210 | @a北京@c人民体育出版社@d2006 | |
| 215 | @a136页@c图,照片@d21cm | |
| 330 | @a本书主要内容:用进攻战胜对手、防守得分、注意意外、心理战取胜、愉快的训练等。 | |
| 606 | 0 | @a网球运动@x双打项目@x运动技术 |
| 606 | 0 | @a双打项目 |
| 606 | 0 | @a运动技术 |
| 606 | 0 | @a网球运动 |
| 690 | @aG845.19@v4 | |
| 701 | 0 | @c(日)@a杉山贵子@9shan shan gui zi@c(女,@f1970.4~)@4著 |
| 702 | 0 | @a李鸿江@9li hong jiang@f(1953.9~)@4译 |
| 702 | 0 | @a孙守正@9sun shou zheng@4译 |
| 702 | 0 | @a刘占捷@9liu zhan jie@c(体育教练)@4译 |
| 801 | 0 | @aCN@bNLC@c20070807 |
| 905 | @a10447@dG845.19@e295 | |
| 网球双打超实战技术/(日)杉山贵子著/李鸿江,孙守正,刘占捷译.-北京:人民体育出版社,2006 |
| 136页:图,照片;21cm |
| ISBN 7-5009-2939-0:CNY10.00 |
| 本书主要内容:用进攻战胜对手、防守得分、注意意外、心理战取胜、愉快的训练等。 |
| ● |
| 相关链接 |
|
|
|
|
正题名:网球双打超实战技术
索取号:G845.19/295
 
预约/预借
| 序号 | 登录号 | 条形码 | 馆藏地/架位号 | 状态 | 备注 |
| 1 | 0802610 | 208026107 | 第一样本阅览室/ [索取号:G845.19/295] | 在馆 | |
| 2 | 0802611 | 208026116 | 第四借阅区/ [索取号:G845.19/295] | 在馆 | |
| 3 | 0802612 | 208026125 | 第四借阅区/ [索取号:G845.19/295] | 在馆 | |
| 4 | 0802613 | 208026134 | 第四借阅区/ [索取号:G845.19/295] | 在馆 | |
| 5 | 0802614 | 208026143 | 第四借阅区/ [索取号:G845.19/295] | 在馆 | |
| 6 | 0802615 | 208026152 | 第四借阅区/ [索取号:G845.19/295] | 在馆 | |
| 7 | 0802616 | 208026161 | 第四借阅区/ [索取号:G845.19/295] | 在馆 | |
| 8 | 0802617 | 208026170 | 密集书库-体育系/ [索取号:G845.19/295] | 在馆 | |
| 9 | 0802618 | 208026189 | 密集书库-体育系/ [索取号:G845.19/295] | 在馆 | |
| 10 | 0802619 | 208026198 | 密集书库-体育系/ [索取号:G845.19/295] | 在馆 |